00467 a2200157 450000100060000004000240000610000250003024000420005524500370009730000070013436200090014165000310015094200070018195201040018899900170029247953 cAnchieta - Aquarius aHeck, Lenira Almeida10aO mistério do anel de pérolalpor10aO mistério do anel de pérola a280 a2008 4aLiteratura infanto-juvenil cBK 00104070a87.1b87.1d2023-11-21l0o028.5 HEC MISp7060/AQUr2023-11-21 15:14:53w2023-11-21yBK c47953d47953